<?xml version="1.0" encoding="UTF-8"?>
<record
    xmlns:xsi="http://www.w3.org/2001/XMLSchema-instance"
    xsi:schemaLocation="http://www.loc.gov/MARC21/slim http://www.loc.gov/standards/marcxml/schema/MARC21slim.xsd"
    xmlns="http://www.loc.gov/MARC21/slim">

  <leader>02474nam a2200325 i 4500</leader>
  <controlfield tag="001">000020686</controlfield>
  <controlfield tag="003">DO-SdBNP</controlfield>
  <controlfield tag="005">20250422141550.0</controlfield>
  <controlfield tag="007">ta</controlfield>
  <controlfield tag="008">100812s2017    dr ac         000 0 spa d</controlfield>
  <datafield tag="020" ind1=" " ind2=" ">
    <subfield code="a">9789945908817</subfield>
  </datafield>
  <datafield tag="040" ind1=" " ind2=" ">
    <subfield code="a">DO-SdBNP</subfield>
    <subfield code="b">spa</subfield>
    <subfield code="c">BNPHU</subfield>
    <subfield code="e">rda</subfield>
  </datafield>
  <datafield tag="082" ind1=" " ind2="4">
    <subfield code="2">22</subfield>
  </datafield>
  <datafield tag="100" ind1="1" ind2=" ">
    <subfield code="a">Landolfi, Ciriaco, </subfield>
    <subfield code="d">1927-</subfield>
    <subfield code="9">24264</subfield>
    <subfield code="e">autor</subfield>
  </datafield>
  <datafield tag="245" ind1="1" ind2="0">
    <subfield code="a">Introducci&#xF3;n al estudio de la historia de la cultura dominicana /</subfield>
    <subfield code="c"> Ciriaco Landolfi ; presentaci&#xF3;n, &#xC1;lvaro Caama&#xF1;o.</subfield>
  </datafield>
  <datafield tag="250" ind1=" " ind2=" ">
    <subfield code="a">segunda edici&#xF3;n</subfield>
  </datafield>
  <datafield tag="264" ind1=" " ind2=" ">
    <subfield code="a">Santo Domingo :</subfield>
    <subfield code="b">Archivo General de la Naci&#xF3;n,</subfield>
    <subfield code="c">2017.</subfield>
  </datafield>
  <datafield tag="300" ind1=" " ind2=" ">
    <subfield code="a">457 p&#xE1;ginas :</subfield>
    <subfield code="b">ilustraciones, retratos </subfield>
    <subfield code="c">23 cm. </subfield>
  </datafield>
  <datafield tag="336" ind1=" " ind2=" ">
    <subfield code="2">rdacontent</subfield>
    <subfield code="a">texto</subfield>
    <subfield code="b">txt</subfield>
  </datafield>
  <datafield tag="337" ind1=" " ind2=" ">
    <subfield code="2">rdamedia</subfield>
    <subfield code="a">sin mediaci&#xF3;n</subfield>
    <subfield code="b">n</subfield>
  </datafield>
  <datafield tag="338" ind1=" " ind2=" ">
    <subfield code="2">rdacarrier</subfield>
    <subfield code="a">volumen</subfield>
    <subfield code="b">nc</subfield>
  </datafield>
  <datafield tag="490" ind1=" " ind2=" ">
    <subfield code="a">Archivo General de la Naci&#xF3;n </subfield>
    <subfield code="v">307</subfield>
  </datafield>
  <datafield tag="500" ind1=" " ind2=" ">
    <subfield code="a">Incluye datos biogr&#xE1;ficos del autor en las solapas.</subfield>
  </datafield>
  <datafield tag="500" ind1=" " ind2=" ">
    <subfield code="a">Incluye &#xED;ndice onom&#xE1;stico</subfield>
  </datafield>
  <datafield tag="505" ind1=" " ind2=" ">
    <subfield code="a">Presentaci&#xF3;n a la  segunda edici&#xF3;n -- </subfield>
    <subfield code="t">Unas palabras al umbral --</subfield>
    <subfield code="t">Introducci&#xF3;n --</subfield>
    <subfield code="t">T&#xE9;rminos cient&#xED;ficos de la cultura y nuestro caso --</subfield>
    <subfield code="t">Diferencias entre cultura y civilizaci&#xF3;n --</subfield>
    <subfield code="t">Los modos y los medios --</subfield>
    <subfield code="t">Autocton&#xED;a del patrimonio cultural --</subfield>
    <subfield code="t">Supuestos hist&#xF3;ricos, sociales y culturales en el proceso formativo de la sociedad insular --</subfield>
    <subfield code="t">Santo Domingo o la dimensi&#xF3;n universal de la historia --</subfield>
    <subfield code="t">La factor&#xED;a colombina y su quiebra --</subfield>
    <subfield code="t">La rebeli&#xF3;n roldanista --</subfield>
    <subfield code="t">-Bobadilla y Obando: dos episodios antag&#xF3;nicos --</subfield>
    <subfield code="t">La encomienda --</subfield>
    <subfield code="t">-El trazado rectangular de la ciudad de Santo Domingo --</subfield>
    <subfield code="t">Adaptaci&#xF3;n al medio de los presupuestos culturales europeos --</subfield>
    <subfield code="t">la Colonia --</subfield>
    <subfield code="t">Las instituciones coloniales --</subfield>
    <subfield code="t">Ra&#xED;ces africanas del pueblo espa&#xF1;ol --</subfield>
    <subfield code="t">La esclavitud de las tres razas en Santo Domingo --</subfield>
    <subfield code="t">El paisaje multi&#xE9;tnico fundacional --</subfield>
    <subfield code="t">El mestizaje, su labor integradora --</subfield>
    <subfield code="t">El areyto: su b&#xFA;squeda in&#xFA;til --</subfield>
    <subfield code="t">El tesoro de la tradici&#xF3;n inicial --</subfield>
    <subfield code="t">Una dial&#xE9;ctica de la cultura dominicana --</subfield>
    <subfield code="t">Santo Domingo en la &#xF3;ptica de la decadencia espa&#xF1;ola: ra&#xED;z hist&#xF3;rica com&#xFA;n  y consecuencias culturales diferentes  en metr&#xF3;polis y colonia --</subfield>
    <subfield code="t">El siglo XVIII en Espa&#xF1;a y en santo Domingo --</subfield>
    <subfield code="t">Basilea: la ruptura del nexo metropolitano, Sus consecuencias --</subfield>
    <subfield code="t">La anexi&#xF3;n y su fracaso como f&#xE1;brica cultural postrera de Espa&#xF1;a en Santo Domingo.</subfield>
  </datafield>
  <datafield tag="590" ind1=" " ind2=" ">
    <subfield code="a">Inventariado, 2024/BT</subfield>
  </datafield>
  <datafield tag="700" ind1="1" ind2=" ">
    <subfield code="a">Caama&#xF1;o, &#xC1;lvaro A.</subfield>
    <subfield code="d">1951-</subfield>
    <subfield code="e">presentaci&#xF3;n </subfield>
    <subfield code="9">78208</subfield>
  </datafield>
  <datafield tag="942" ind1=" " ind2=" ">
    <subfield code="2">ddc</subfield>
    <subfield code="c">LBS1</subfield>
  </datafield>
  <datafield tag="952" ind1=" " ind2=" ">
    <subfield code="0">0</subfield>
    <subfield code="1">0</subfield>
    <subfield code="2">ddc</subfield>
    <subfield code="5">1</subfield>
    <subfield code="7">0</subfield>
    <subfield code="8">PD</subfield>
    <subfield code="a">BNPHU</subfield>
    <subfield code="b">BNPHU</subfield>
    <subfield code="c">CT</subfield>
    <subfield code="d">2020-03-17</subfield>
    <subfield code="e">Donado por el Archivo General de la Naci&#xF3;n</subfield>
    <subfield code="l">0</subfield>
    <subfield code="o"> BNPHU PD </subfield>
    <subfield code="p">20686-10</subfield>
    <subfield code="r">2020-06-25</subfield>
    <subfield code="w">2020-06-25</subfield>
    <subfield code="y">LBS1</subfield>
  </datafield>
  <datafield tag="952" ind1=" " ind2=" ">
    <subfield code="0">0</subfield>
    <subfield code="1">0</subfield>
    <subfield code="2">ddc</subfield>
    <subfield code="5">1</subfield>
    <subfield code="7">0</subfield>
    <subfield code="8">PD</subfield>
    <subfield code="a">BNPHU</subfield>
    <subfield code="b">BNPHU</subfield>
    <subfield code="c">CT</subfield>
    <subfield code="d">2024-05-06</subfield>
    <subfield code="e">Donaci&#xF3;n</subfield>
    <subfield code="l">0</subfield>
    <subfield code="o">BNPHU PD </subfield>
    <subfield code="p">2024-2811</subfield>
    <subfield code="r">2024-05-06</subfield>
    <subfield code="t">e.2</subfield>
    <subfield code="w">2024-05-06</subfield>
    <subfield code="y">LBS1</subfield>
    <subfield code="z">Perteneci&#xF3; a la biblioteca personal de Emilio Cordero Michel.</subfield>
  </datafield>
  <datafield tag="956" ind1=" " ind2=" ">
    <subfield code="a">LOPEREZ</subfield>
  </datafield>
  <datafield tag="999" ind1=" " ind2=" ">
    <subfield code="c">20190</subfield>
    <subfield code="d">20190</subfield>
  </datafield>
</record>
